书目信息 |
| 题名: |
德语语音
|
|
| 作者: | 穆兰 庄慧丽 | |
| 分册: | ||
| 出版信息: | 北京 外语教学与研究出版社 2000 |
|
| 页数: | 182页 | |
| 开本: | 20cm | |
| 丛书名: | ||
| 单 册: | ||
| 中图分类: | H331 | |
| 科图分类: | ||
| 主题词: | 德语 | |
| 电子资源: | ||
| ISBN: | 7-5600-1776-2 | |
| 000 | 00506nam0 2200181 450 | |
| 001 | 0755227312 | |
| 005 | 20070828152027.31 | |
| 010 | @a7-5600-1776-2@d¥7.90 | |
| 100 | @a20070828d km y0chiy0120 ea | |
| 101 | 0 | @achi |
| 200 | 1 | @a德语语音@Ade yu yu yin@f穆兰 庄慧丽@Fmu lan zhuang hui li |
| 210 | @a北京@c外语教学与研究出版社@d2000 | |
| 215 | @a182页@d20cm | |
| 606 | 0 | @a德语 |
| 690 | @aH331@v3 | |
| 701 | 0 | @a穆兰 庄慧丽@Amu lan zhuang hui li |
| 801 | 0 | @aCN@bPFT@c20070828 |
| 905 | @a213230@dH331@eW1@f1 | |
| 德语语音/穆兰 庄慧丽.-北京:外语教学与研究出版社,2000 |
| 182页;20cm |
| ISBN 7-5600-1776-2:¥7.90 |
| ● |
| 相关链接 |
|
|
|
|
正题名:德语语音
索取号:H331/W1
 
预约/预借
| 序号 | 登录号 | 条形码 | 馆藏地/架位号 | 状态 | 备注 |
| 1 | 0701597 | 207015978 | 密集书库—外国语学院/ [索取号:H331/W1] | 在馆 |